[Event "AUTO-ELITE-1772"]
[Site "http://www.queenalice.com/game.php?id=1456350"]
[Date "2016.12.24"]
[Round "1"]
[White "chessprm"]
[Black "krystek23"]
[Result "0-1"]
[WhiteElo "2321"]
[BlackElo "2325"]

1. d4 Nf6 2. c4 g6 3. Nc3 Bg7 4. e4 d6 5. Nf3 O-O 6. Be2 c5 7. O-O cxd4 8. Nxd4
Bd7 9. Be3 Nc6 10. Nb3 a5 11. Nd2 Nb4 12. f4 Nc6 13. Na4 Ng4 14. Bxg4 e6 15. Qb3
Nd4 16. Qd1 b5 17. Nc3 b4 18. Ne2 Nxe2+ 19. Qxe2 Bxb2 20. Rad1 Bh8 21. f5 Qe7
22. Bh6 Rfe8 23. c5 exf5 24. cxd6 Qxd6 25. Qf3 Bc6 26. Kh1 Rad8 27. Rc1 Ba8 28.
Bh3 a4 29. Qd1 Bb2 30. Rb1 Bc3 31. Qxa4 Bxd2 32. Rbd1 f4 33. Bxf4 Bxf4 34. Rxd6
Bxd6 35. Qb3 Re7 36. e5 Bxe5 37. Qxb4 Rc7 38. a4 Kg7 39. a5 Rd4 40. Qb5 f6 41.
Re1 Re4 42. Rd1 Rd4 43. Re1 Rh4 44. Qd3 Be4 45. Qd1 Rc2 46. Re2 Rxe2 47. Qxe2
Bc6 48. Qa6 Bd5 49. Qd3 Rd4 50. Qc2 Be4 51. Qb3 Rd3 52. Qa4 Rd4 53. Qb3 Rd3 54.
Qa4 Bc6 55. Qc2 Rc3 56. Qd2 Rxh3 0-1

[Event "AUTO-ELITE-1772"]
[Site "http://www.queenalice.com/game.php?id=1456351"]
[Date "2016.12.24"]
[Round "1"]
[White "krystek23"]
[Black "chessprm"]
[Result "1-0"]
[WhiteElo "2331"]
[BlackElo "2247"]

1. c4 c5 2. Nc3 g6 3. Nf3 Nf6 4. d4 cxd4 5. Nxd4 Bg7 6. e4 O-O 7. Be2 d6 8. h3
Nc6 9. Nc2 Be6 10. Bd2 Qd7 11. O-O Rac8 12. f4 Rfd8 13. Ne3 Nd4 14. Bd3 Qe8 15.
Qe1 a6 16. f5 Bd7 17. Ncd5 Bc6 18. Bc3 Nxd5 19. exd5 Bd7 20. fxg6 hxg6 21. Qh4
e5 22. dxe6 Nxe6 23. Nd5 Rc5 24. Ne7+ Kf8 25. Nxg6+ Kg8 26. Ne7+ Kf8 27. Bxg7+
Nxg7 28. Ng6+ 1-0

[Event "AUTO-OPEN-3744"]
[Site "http://www.queenalice.com/game.php?id=1503144"]
[Date "2017.11.12"]
[Round "2"]
[White "krystek23"]
[Black "Norfair"]
[Result "1-0"]
[WhiteElo "2341"]
[BlackElo "2580"]

1. c4 Nf6 2. Nc3 e5 3. g3 Bb4 4. Bg2 O-O 5. Qb3 a5 6. a3 Bxc3 7. bxc3 Nc6 8. Qc2
d6 9. d3 h6 10. Nf3 Be6 11. Rb1 Rb8 12. O-O Qd7 13. e4 Bh3 14. Nh4 Bxg2 15. Kxg2
Nh7 16. Qa4 b6 17. Nf5 Rbe8 18. Ne3 Nf6 19. Nd5 Nxd5 20. cxd5 Nb8 21. Qd1 f5 22.
f3 fxe4 23. dxe4 Qf7 24. Be3 Nd7 25. c4 Nf6 26. Re1 Qg6 27. Bd2 Rf7 28. Rc1 Qh7
29. Qe2 Ref8 30. Rf1 g5 31. Rce1 Qg6 32. Kh1 Nh5 33. Kg2 Nf6 34. Kh1 Nh5 35. Kg2
Rg7 36. Rf2 Nf6 37. Kg1 h5 38. Kh1 Nd7 39. Ref1 Nc5 40. Be3 a4 41. h3 Rgf7 42.
Kg1 Nb3 43. Rg2 Rf6 44. Rgf2 Kf7 45. Qe1 Ke7 46. Qc3 Kd8 47. Qe1 Rg8 48. Qb4 Qe8
49. Qb5 Qd7 50. Kg2 h4 51. g4 Ke7 52. Qb4 Qe8 53. Rd1 Kf7 54. Rdf1 Kg6 55. Qe1
1-0

[Event "AUTO-OPEN-3744"]
[Site "http://www.queenalice.com/game.php?id=1503153"]
[Date "2017.11.12"]
[Round "2"]
[White "krystek23"]
[Black "fabricioprado"]
[Result "1-0"]
[WhiteElo "2333"]
[BlackElo "1872"]

1. c4 e6 2. Nc3 Nf6 3. Nf3 d5 4. d4 Be7 5. Bg5 O-O 6. e3 c6 7. Bd3 Nbd7 8. Rc1
b6 9. O-O h6 10. Bh4 Bb7 11. cxd5 cxd5 12. Re1 Rc8 13. Qb3 Re8 14. Ne2 Nh7 15.
Rxc8 Qxc8 16. Bxe7 Rxe7 17. Rc1 Qb8 18. Qa3 Re8 19. Ne5 Nxe5 20. dxe5 Qxe5 21.
Qxa7 Rb8 22. Nd4 Ng5 23. Qxb7 g6 24. Qd7 Ne4 25. Qa7 Nc5 26. Nc6 Qd6 27. Rxc5
Qxc5 28. Nxb8 Qc1+ 29. Bf1 Qxb2 30. Nd7 Kg7 31. Qb8 Qb4 32. Qe5+ Kg8 33. Nf6+
Kf8 34. g3 Qb1 35. a3 Qf5 36. Qd4 Qb1 37. Kg2 Ke7 38. Ng8+ Kd6 39. Qf4+ Kc6 40.
Qxf7 Qe4+ 41. Kg1 1-0

[Event "AUTO-OPEN-3744"]
[Site "http://www.queenalice.com/game.php?id=1503154"]
[Date "2017.11.12"]
[Round "2"]
[White "fabricioprado"]
[Black "krystek23"]
[Result "0-1"]
[WhiteElo "1783"]
[BlackElo "2332"]

1. e4 c5 2. Nf3 e6 3. c3 Nc6 4. Be2 d5 5. exd5 exd5 6. d3 Nf6 7. O-O Be7 8. Nbd2
O-O 9. Nb3 b6 10. d4 c4 11. Nbd2 Bd6 12. h3 b5 13. a3 Qe7 14. Re1 Qc7 15. Nf1
Bd7 16. Bg5 Ne4 17. Bh4 a5 18. N1d2 Rfe8 19. Nxe4 Rxe4 20. Bg3 Bxg3 21. fxg3
Qxg3 22. Kh1 Rae8 23. Ng1 b4 24. Qd2 bxc3 25. bxc3 Re3 26. Rac1 a4 27. Rf1 Na5
28. Rf3 Rxf3 29. Bxf3 Nb3 30. Qc2 Nxc1 31. Qxc1 Re1 32. Qb2 Bxh3 33. Qb7 Bxg2+
34. Bxg2 Qh4+ 0-1

[Event "AUTO-OPEN-3744"]
[Site "http://www.queenalice.com/game.php?id=1503155"]
[Date "2017.11.12"]
[Round "2"]
[White "krystek23"]
[Black "Ferro"]
[Result "1-0"]
[WhiteElo "2334"]
[BlackElo "2166"]

1. c4 e5 2. Nc3 Nf6 3. Nf3 Nc6 4. g3 Bc5 5. Bg2 O-O 6. O-O a6 7. d3 d6 8. a3 Ba7
9. b4 Be6 10. Bg5 h6 11. Bd2 Qd7 12. Rb1 Ne7 13. a4 c6 14. c5 Rad8 15. cxd6 Qxd6
16. b5 Rd7 17. Qc2 cxb5 18. axb5 Rc8 19. bxa6 Qxa6 20. Ra1 Qb6 21. Nxe5 Rdc7 22.
Qa4 Bb8 23. Qa3 Qc5 24. Nf3 Ned5 25. Qxc5 Rxc5 26. Nb1 Nd7 27. Re1 Bg4 28. h3
Be6 29. e4 N5f6 30. d4 Rc2 31. d5 Nxd5 32. exd5 Bxd5 33. Nd4 Bxg2 34. Kxg2 Be5
35. Nxc2 Rxc2 36. Ra8+ Kh7 37. Rd8 Rb2 38. Rxd7 1-0

[Event "AUTO-OPEN-3744"]
[Site "http://www.queenalice.com/game.php?id=1503156"]
[Date "2017.11.12"]
[Round "2"]
[White "Ferro"]
[Black "krystek23"]
[Result "1-0"]
[WhiteElo "2365"]
[BlackElo "2360"]

1. e4 c5 2. c3 e6 3. d4 cxd4 4. cxd4 d5 5. exd5 exd5 6. Nf3 Nf6 7. Bd3 Bd6 8.
Nc3 Nbd7 9. O-O O-O 10. Bg5 h6 11. Bh4 Re8 12. Nxd5 Qa5 13. Nxf6+ Nxf6 14. Bxf6
gxf6 15. Bc2 Be6 16. Qd3 f5 17. Bb3 Rac8 18. Nh4 Qa6 19. Qxa6 bxa6 20. Bxe6 fxe6
21. Rfc1 Kf7 22. Nf3 Bf4 23. Ne5+ Kf6 24. Rc5 Rxc5 25. Nd7+ Kf7 26. Nxc5 Bd6 27.
Nxa6 e5 28. dxe5 Rxe5 29. Rd1 Ke6 30. b4 Re2 31. a3 Ra2 32. Nc5+ Ke7 33. Nb7 Be5
34. g3 Rxa3 35. Kg2 Rb3 36. Re1 Kf6 37. Nc5 Bc3 38. Re6+ Kf7 39. Rxh6 Rxb4 40.
Ra6 Ke8 41. Rxa7 Bd4 42. Ra8+ Ke7 43. Ra5 Rb2 44. Nd3 Rd2 45. Ra3 Kf6 46. h4 Ke6
47. Nf4+ Kf7 48. Nh3 Kf6 49. Kf3 Be5 50. h5 Rd6 51. Ra8 Rd3+ 52. Ke2 Rb3 53.
Rf8+ Kg7 54. Rxf5 Bf6 55. Nf4 Bb2 56. g4 Bc1 57. Nd3 Ba3 58. g5 Kg8 59. f4 Bd6
60. Rd5 Bf8 61. f5 1-0

[Event "AUTO-ELITE-2040"]
[Site "http://www.queenalice.com/game.php?id=1545095"]
[Date "2018.10.7"]
[Round "1"]
[White "krystek23"]
[Black "Sexxy_Bunny"]
[Result "0-1"]
[WhiteElo "2345"]
[BlackElo "2796"]

1. c4 e5 2. Nc3 Nf6 3. d3 Bb4 4. Bd2 O-O 5. Nf3 Nc6 6. g3 Re8 7. Bg2 Bxc3 8.
Bxc3 d5 9. cxd5 Nxd5 10. O-O Rb8 11. Bd2 h6 12. Rc1 Ra8 13. Qb3 Nb6 14. Rfe1 a5
15. Bc3 a4 16. Qd1 a3 17. b4 Nd5 18. b5 Nxc3 19. Rxc3 Nd4 20. Nxd4 exd4 21. Rc5
Ra7 22. Qd2 b6 23. Rc2 Qd6 24. Rc6 Qe5 25. Rb1 Qxe2 26. Rc2 Qxd2 27. Rxd2 Re5
28. Kf1 Ra4 29. Rc2 Bf5 30. Rd2 Rc5 31. Ke1 Bd7 32. Bc6 Bxc6 33. bxc6 Rxc6 34.
Kd1 Rf6 35. Rb5 g5 36. Kc2 Ra6 37. Re2 c6 38. Rb1 Rf3 39. Rd2 Kg7 40. Kd1 Rf6
41. Re2 c5 42. Ke1 Ra4 43. Kd2 g4 44. Rb5 Ra5 45. Rb1 b5 46. Kc2 Rf3 47. Rd2 Kg6
48. Kd1 b4 49. Ke1 Kf6 50. Ke2 Ra6 51. Kf1 Ke5 52. Kg2 h5 53. Rbd1 Kd5 54. Kf1
h4 55. Rc1 h3 56. Rdc2 Rc6 57. Ke2 Rc7 58. Rc4 Kd6 59. Rf1 Re7+ 60. Kd2 Ree3 61.
fxe3 Rxf1 62. exd4 Rf2+ 63. Ke3 Rxh2 64. dxc5+ Kc6 65. Rxg4 Rxa2 66. d4 b3 67.
Rg7 b2 68. Rxf7 b1=Q 69. Rf6+ Kd5 0-1

[Event "AUTO-ELITE-2040"]
[Site "http://www.queenalice.com/game.php?id=1545096"]
[Date "2018.10.7"]
[Round "1"]
[White "Sexxy_Bunny"]
[Black "krystek23"]
[Result "1-0"]
[WhiteElo "2792"]
[BlackElo "2352"]

1. e4 c5 2. Nf3 e6 3. d4 cxd4 4. Nxd4 Nc6 5. Nc3 Qc7 6. Be3 a6 7. Qd2 Nf6 8.
O-O-O Nxd4 9. Qxd4 Ng4 10. Qb6 Qc6 11. Bd4 e5 12. Be3 Be7 13. Nd5 Bd8 14. Qb3 b6
15. Bxb6 Rb8 16. Qg3 Bxb6 17. Qxg4 Qh6+ 18. Kb1 O-O 19. Qg3 Re8 20. Bc4 Bc5 21.
h4 Bb7 22. Qf3 Bxd5 23. Rxd5 Qb6 24. Bb3 d6 25. g4 a5 26. a4 Qd8 27. Rxc5 Rxb3
28. Qxb3 dxc5 29. Qb5 h6 30. g5 hxg5 31. hxg5 g6 32. Qxc5 Qxg5 33. Qxa5 Kg7 34.
b3 Qg4 35. Qe1 Rb8 36. Kb2 Qg2 37. a5 Ra8 38. Rg1 Qh3 39. Qd2 Qh4 40. f3 Qf6 41.
Qd5 Rd8 42. Qc4 Qd6 43. b4 Rb8 44. Kb3 Qf6 45. c3 Qd6 46. Ra1 Rb7 47. Qd5 Qe7
48. Rd1 Rb8 49. b5 Qf6 50. b6 Re8 51. b7 Rb8 52. Qb5 Qe6+ 53. c4 g5 54. a6 Qf6
55. Rd3 Kg6 56. a7 Rxb7 57. Qxb7 g4 58. a8=Q 1-0

[Event "AUTO-ELITE-2040"]
[Site "http://www.queenalice.com/game.php?id=1545097"]
[Date "2018.10.7"]
[Round "1"]
[White "krystek23"]
[Black "Cuxtal"]
[Result "0-1"]
[WhiteElo "2354"]
[BlackElo "2693"]

1. c4 c5 2. Nc3 Nc6 3. Nf3 Nf6 4. e4 e5 5. d3 Be7 6. Be2 d6 7. a3 O-O 8. O-O h6
9. Be3 b6 10. Nd2 Be6 11. Rb1 a5 12. h3 Bc8 13. Kh2 Nd4 14. f4 Bb7 15. Nf3 a4
16. Bd2 Nxe2 17. Qxe2 exf4 18. Bxf4 Re8 19. Kg1 Nh7 20. Nh2 Qd7 21. Ng4 f5 22.
exf5 Qxf5 23. Qd2 Qg6 24. Rbe1 h5 25. Nh2 Bf6 26. Nb5 Ng5 27. Nxd6 Nxh3+ 28. Kh1
Rxe1 29. Rxe1 Bxg2+ 30. Qxg2 Qxg2+ 31. Kxg2 Nxf4+ 32. Kf3 Nxd3 33. Re3 Ne5+ 34.
Kf4 Rf8 35. Re2 Ng6+ 36. Ke4 Bd4 37. Nf3 Rf4+ 38. Kd5 Rxf3 39. Nb5 Rf5+ 40. Kc6
Ne5+ 41. Kb7 h4 42. Nd6 Rf2 43. Re1 h3 44. Rh1 h2 45. Ne4 Rxb2 0-1

[Event "AUTO-ELITE-2040"]
[Site "http://www.queenalice.com/game.php?id=1545098"]
[Date "2018.10.7"]
[Round "1"]
[White "Cuxtal"]
[Black "krystek23"]
[Result "1-0"]
[WhiteElo "2679"]
[BlackElo "2348"]

1. c4 e5 2. Nc3 Nf6 3. Nf3 Nc6 4. g3 e4 5. Ng5 d5 6. cxd5 Nxd5 7. Ngxe4 f5 8.
Ng5 h6 9. Nf3 Be6 10. e3 g5 11. d4 Qd7 12. Bg2 O-O-O 13. O-O Kb8 14. Bd2 Be7 15.
Ne1 h5 16. Bxd5 Bxd5 17. Nxd5 Qxd5 18. Qb3 Qd6 19. Nd3 h4 20. Nc5 b6 21. Ne6 Rc8
22. Rac1 Rh6 23. Nc5 hxg3 24. fxg3 Rch8 25. Rf2 g4 26. Rg2 Bg5 27. d5 Ne5 28.
Na6+ Kb7 29. Rxc7+ Ka8 30. Kf1 Nf3 31. Bc3 Re8 32. Qb5 Rd8 33. Kf2 Rg6 34. a4
Rh6 35. a5 Rg6 36. Rc6 Qe7 37. Nc7+ 1-0

[Event "AUTO-OPEN-3982"]
[Site "http://www.queenalice.com/game.php?id=1545357"]
[Date "2018.10.9"]
[Round "1"]
[White "MaxM"]
[Black "krystek23"]
[Result "0-1"]
[WhiteElo "1574"]
[BlackElo "2353"]

1. d4 Nf6 2. Nf3 g6 3. Nc3 Bg7 4. e4 d6 5. Bd3 O-O 6. O-O Bg4 7. h3 Bd7 8. d5 c6
9. Ng5 Na6 10. f4 Qb6+ 11. Kh1 Nc5 12. a4 cxd5 13. exd5 Nxd3 14. Qxd3 Rac8 15.
a5 Qc7 16. a6 b6 17. Nb5 Qb8 18. Re1 Bf5 19. Ne4 Nxe4 20. Rxe4 Rc5 21. c4 e6 22.
g4 Bxe4+ 23. Qxe4 exd5 24. cxd5 Re8 25. Qd3 Re1+ 26. Kh2 Rexc1 27. Rxc1 Rxc1 28.
Qd2 Rb1 29. Nd4 Qc7 30. Qe2 Bxd4 31. Qe8+ Kg7 32. Qe4 Rxb2+ 33. Kg3 Qc3+ 34. Kh4
Bf2+ 35. Kg5 h6# 0-1

[Event "AUTO-OPEN-3982"]
[Site "http://www.queenalice.com/game.php?id=1545358"]
[Date "2018.10.9"]
[Round "1"]
[White "krystek23"]
[Black "MaxM"]
[Result "1-0"]
[WhiteElo "2352"]
[BlackElo "1587"]

1. c4 Nc6 2. Nc3 e5 3. Nf3 Nf6 4. g3 d6 5. Bg2 Be7 6. d4 O-O 7. d5 Nd4 8. Nxd4
exd4 9. Qxd4 Ng4 10. Qd2 Bg5 11. Qxg5 Qxg5 12. Bxg5 Bf5 13. O-O Rfe8 14. h3 Ne5
15. Nb5 Rab8 16. c5 dxc5 17. Nxc7 Rec8 18. d6 b5 19. Be3 Nc4 20. Bxc5 Nxb2 21.
e4 b4 22. exf5 Nd3 23. Bxa7 Rb7 24. Bxb7 Rd8 25. Bd4 Rxd6 26. Nb5 Rh6 27. Bg2 f6
28. Bd5+ Kh8 29. Rac1 Rxh3 30. Rc8# 1-0

[Event "AUTO-OPEN-3982"]
[Site "http://www.queenalice.com/game.php?id=1545381"]
[Date "2018.10.9"]
[Round "1"]
[White "positionalgenius"]
[Black "krystek23"]
[Result "0-1"]
[WhiteElo "2155"]
[BlackElo "2338"]

1. e4 c5 2. Nf3 e6 3. d4 cxd4 4. Nxd4 Nc6 5. Bc4 Nf6 6. Nc3 Qc7 7. O-O Be7 8.
Bb3 O-O 9. Ndb5 Qe5 10. f4 Qc5+ 11. Kh1 a6 12. e5 axb5 13. exf6 Bxf6 14. Ne4 Qe7
15. Be3 Rd8 16. Bc5 d6 17. Bb6 Rd7 18. Nxf6+ Qxf6 19. Qg4 Ra6 20. f5 exf5 21.
Rae1 Re7 22. Bd4 fxg4 23. Bxf6 Rxe1 24. Rxe1 gxf6 25. Re8+ Kg7 26. Rxc8 Na5 27.
Kg1 Nxb3 28. axb3 Rc6 29. Rxc6 bxc6 30. Kf2 Kg6 31. Ke3 Kg5 32. b4 f5 33. g3 f4+
34. gxf4+ Kf5 35. b3 h5 36. c4 h4 37. cxb5 cxb5 38. Kd4 Kxf4 39. Kd5 g3 40.
hxg3+ hxg3 41. Kxd6 g2 42. Kc5 g1=Q+ 43. Kxb5 f6 44. Kc6 Ke5 45. b5 Qc1+ 46. Kb7
Kd6 0-1

[Event "AUTO-OPEN-3982"]
[Site "http://www.queenalice.com/game.php?id=1545382"]
[Date "2018.10.9"]
[Round "1"]
[White "krystek23"]
[Black "positionalgenius"]
[Result "1-0"]
[WhiteElo "2346"]
[BlackElo "2161"]

1. Nf3 c5 2. c4 Nf6 3. Nc3 e6 4. e4 d5 5. cxd5 exd5 6. e5 d4 7. exf6 dxc3 8.
Bb5+ Nc6 9. Qe2+ Be6 10. bxc3 Qxf6 11. O-O Be7 12. d4 O-O 13. Bxc6 bxc6 14. Bg5
Qg6 15. Bxe7 Rfe8 16. Ne5 Qh6 17. Bxc5 f6 18. Nxc6 Kf7 19. Rfe1 Qg6 20. Qa6 Bd5
21. Qb7+ Kg8 22. Ne7+ Rxe7 23. Qxd5+ 1-0

[Event "AUTO-OPEN-3982"]
[Site "http://www.queenalice.com/game.php?id=1545395"]
[Date "2018.10.9"]
[Round "1"]
[White "jacconsultoria"]
[Black "krystek23"]
[Result "1-0"]
[WhiteElo "2738"]
[BlackElo "2351"]

1. d4 Nf6 2. Nf3 g6 3. e3 Bg7 4. Bd3 d5 5. Nbd2 O-O 6. O-O c5 7. c3 Qc7 8. b3
Rd8 9. Bb2 cxd4 10. cxd4 Nc6 11. Rc1 Qb6 12. Ne5 Nb4 13. Bb1 Bd7 14. a3 Nc6 15.
h3 Nxe5 16. dxe5 Ne4 17. Nxe4 dxe4 18. Bd4 Qe6 19. Bxe4 Bxe5 20. Bxe5 Qxe5 21.
Qf3 Rac8 22. Bd5 b6 23. Qxf7+ Kh8 24. Rxc8 Rxc8 25. Bb7 Rb8 26. Rc1 Qf6 27.
Qxf6+ exf6 28. Bd5 Rc8 29. Rxc8+ Bxc8 30. f4 Kg7 31. e4 Kf8 32. Kf2 Ke7 33. Ke3
h6 34. Kd4 Kd6 35. e5+ fxe5+ 36. fxe5+ Ke7 37. Kc4 Ba6+ 38. Kb4 g5 39. g3 Bf1
40. h4 Ba6 41. hxg5 hxg5 42. a4 Kd7 43. a5 bxa5+ 44. Kxa5 Bd3 45. Bc4 Bc2 46.
Kb5 Kc7 47. Ka6 Kb8 48. e6 Bg6 49. e7 g4 50. Bb5 Bf7 51. e8=Q+ Bxe8 52. Bxe8 1-0

[Event "AUTO-OPEN-3982"]
[Site "http://www.queenalice.com/game.php?id=1545396"]
[Date "2018.10.9"]
[Round "1"]
[White "krystek23"]
[Black "jacconsultoria"]
[Result "0-1"]
[WhiteElo "2345"]
[BlackElo "2725"]

1. c4 c5 2. Nc3 Nc6 3. Nf3 Nf6 4. g3 g6 5. Bg2 Bg7 6. d4 cxd4 7. Nxd4 O-O 8. O-O
Nxd4 9. Qxd4 d6 10. Qd3 a6 11. Bg5 h6 12. Bd2 Bf5 13. e4 Be6 14. b3 Rb8 15. Rad1
Re8 16. a4 Nd7 17. Nd5 Bxd5 18. exd5 b5 19. axb5 axb5 20. cxb5 Qb6 21. b4 Ne5
22. Qe2 Qxb5 23. Qxb5 Rxb5 24. Rc1 Rb7 25. Rc2 Nd3 26. Rb1 Reb8 27. Bf1 Nxb4 28.
Bxb4 Rxb4 29. Rxb4 Rxb4 30. h4 Bf6 31. Kg2 h5 32. Ba6 Kg7 33. Bc8 Bd4 34. Re2
Kf6 35. Re4 Rb8 36. Bd7 Bc5 37. Re2 Rb6 38. Rd2 Rb3 39. Be8 Rc3 40. Rb2 Rc4 41.
Rd2 Bd4 42. Rd3 Kg7 43. Rf3 Bf6 44. Re3 Rd4 45. Bc6 Be5 46. Kf3 Kf6 47. Bb7 e6
48. Rb3 exd5 49. Rb5 Ke6 50. Ke2 f5 51. f4 Bxf4 52. gxf4 Rxf4 53. Bc8+ Ke5 54.
Rb7 Rc4 55. Rg7 Rxc8 56. Rxg6 Rc4 57. Rg5 Rxh4 58. Kf3 d4 59. Rg8 Re4 60. Re8+
Kd5 61. Rh8 d3 62. Rxh5 d2 63. Rxf5+ Kd4 0-1

[Event "AUTO-OPEN-4073"]
[Site "http://www.queenalice.com/game.php?id=1576108"]
[Date "2019.7.2"]
[Round "1"]
[White "guss"]
[Black "krystek23"]
[Result "1-0"]
[WhiteElo "2474"]
[BlackElo "2344"]

1. e4 c5 2. Nf3 e6 3. Nc3 Nc6 4. d4 cxd4 5. Nxd4 Qc7 6. Be2 Nf6 7. Ndb5 Qb8 8.
Be3 a6 9. Nd4 Be7 10. O-O O-O 11. f4 d5 12. e5 Ne8 13. Na4 Qc7 14. c4 dxc4 15.
Nxc6 Qxc6 16. Rc1 Qe4 17. Kf2 Qg6 18. Nb6 Nc7 19. Nxa8 Nxa8 20. Rxc4 b5 21. Bh5
bxc4 22. Bxg6 hxg6 23. Qd4 Nc7 24. Qxc4 Nd5 25. Qc6 f6 26. exf6 Bxf6 27. Bc5 1-0

[Event "AUTO-OPEN-4073"]
[Site "http://www.queenalice.com/game.php?id=1576109"]
[Date "2019.7.2"]
[Round "1"]
[White "krystek23"]
[Black "guss"]
[Result "0-1"]
[WhiteElo "2336"]
[BlackElo "2479"]

1. c4 c5 2. Nc3 Nc6 3. Nf3 e5 4. g3 Nf6 5. d3 Be7 6. Bg2 d6 7. O-O O-O 8. Ne1
Be6 9. a3 d5 10. cxd5 Nxd5 11. Bd2 Qd7 12. Rc1 Rad8 13. Nf3 f5 14. Ng5 Nxc3 15.
Rxc3 Bd5 16. Bh3 h6 17. Nf3 e4 18. Ne1 exd3 19. Nxd3 c4 20. Nf4 Bf7 21. Rc2 g5
22. Qc1 Nd4 23. Rxc4 Nb3 24. Qc2 Qxd2 25. Ng6 Bxg6 0-1

[Event "AUTO-OPEN-4073"]
[Site "http://www.queenalice.com/game.php?id=1576138"]
[Date "2019.7.2"]
[Round "1"]
[White "krystek23"]
[Black "agilulfo"]
[Result "1-0"]
[WhiteElo "2344"]
[BlackElo "1969"]

1. c4 Nf6 2. Nc3 g6 3. Nf3 Bg7 4. g3 O-O 5. Bg2 c5 6. d3 d6 7. O-O Na6 8. a3 Nc7
9. Rb1 Bd7 10. b4 b6 11. Nd2 b5 12. bxc5 dxc5 13. cxb5 Rb8 14. a4 e6 15. Nce4
Nxe4 16. Nxe4 Nd5 17. Qc2 Qb6 18. Be3 Nb4 19. Rxb4 1-0

[Event "AUTO-OPEN-4073"]
[Site "http://www.queenalice.com/game.php?id=1576139"]
[Date "2019.7.2"]
[Round "1"]
[White "agilulfo"]
[Black "krystek23"]
[Result "1-0"]
[WhiteElo "2068"]
[BlackElo "2282"]

1. d4 Nf6 2. c4 g6 3. Nf3 Bg7 4. Nc3 O-O 5. g3 d6 6. Bg2 c5 7. d5 e6 8. Bg5 h6
9. Bd2 exd5 10. cxd5 Re8 11. O-O Na6 12. Re1 Bf5 13. e3 Nb4 14. e4 Bg4 15. Re3
c4 16. Qa4 a5 17. a3 Bd7 18. Qd1 Nd3 19. Na4 b5 20. Nc3 1-0

[Event "AUTO-OPEN-4073"]
[Site "http://www.queenalice.com/game.php?id=1576140"]
[Date "2019.7.2"]
[Round "1"]
[White "krystek23"]
[Black "Nuzzera"]
[Result "0-1"]
[WhiteElo "2305"]
[BlackElo "1646"]

1. c4 e6 2. Nc3 d5 3. d4 dxc4 4. e4 Nc6 5. Nf3 Bb4 6. Bxc4 Nf6 7. Bd3 b6 8. O-O
Nxd4 9. Nxd4 O-O 10. e5 Nd5 11. Nxd5 Qxd5 12. Nf3 a5 13. Qc2 g6 14. a3 Ba6 15.
Bxa6 Rxa6 16. axb4 Rc8 17. Bd2 c5 18. bxa5 bxa5 19. Rxa5 Rb6 20. h3 Qc6 21. Ng5
Qd5 22. Ra7 Qxe5 23. Nxf7 Qb8 24. Nh6+ Kh8 25. Bc3+ e5 26. Bxe5+ Qxe5 0-1

[Event "AUTO-OPEN-4073"]
[Site "http://www.queenalice.com/game.php?id=1576141"]
[Date "2019.7.2"]
[Round "1"]
[White "Nuzzera"]
[Black "krystek23"]
[Result "1-0"]
[WhiteElo "1616"]
[BlackElo "2328"]

1. e3 c5 2. d4 cxd4 3. Qxd4 Nc6 4. Qf4 e5 5. Qe4 d5 6. Qa4 Bd7 7. Qb3 Qc7 8.
Qxd5 Nf6 9. Qb3 Be7 10. Bc4 O-O 11. Nf3 Na5 12. Qc3 Qxc4 13. Qxe5 Nc6 14. c3
Nxe5 15. Nxe5 Qd5 16. Nxd7 Qxd7 17. O-O Ne4 18. f3 Nf6 19. Nd2 Qd3 20. Nb3 Bd8
21. Nc5 Qd6 22. Nxb7 Qb6 23. Nxd8 Raxd8 24. b4 Nd5 25. Re1 Nxc3 26. Ba3 Rd2 27.
h3 Qg6 28. g4 Qc2 29. Kf1 1-0